000 00915nam a2200241 i 4500
003 DO-SdBNP
005 20230811114304.0
006 a||||br|||| 00| 0
007 ta
008 230811e190? dr a|||| |||| 00| 0 spa d
040 _aDO-SdBNP
_bspa
_cBNPHU
_erda
082 4 _222
_bL865c
245 1 0 _aCiencias naturales 5°:
_beducación primaria. /
_cMaria Eneida Lora Gil, Antonio Monzó
264 _aSanto Domingo :
_bDisessa,
_c[1987]
300 _a147 páginas :
_bIlustraciones ;
_c27 cm
336 _2rdacontent
_atexto
_btxt
337 _2rdamedia
_asin mediación
_bn
338 _2rdacarrier
_avolumen
_bnc
500 _aIncluye vocabulario científico.
505 _aUnidad I.
_tLos Seres Vivos y su Ambiente.--
_gUnidad II
_tEducación en Población.--
_gUnidad II.
_tMateria y Energía.--
_gUnidad IV.
_tEl Universo.--
_gUnidad V.
_tCultivo de Hortalizas.
590 _aInventariado 2023 / MF
942 _2ddc
_cLBS1
999 _c54383
_d54383